Reflections on some recent legal issue/ (Record no. 198553)

MARC details
000 -LEADER
fixed length control field 00548nam a22001577a 4500
010 ## - LCCN (DPL NO)
LC control number ENG-138246
020 ## - INTERNATIONAL STANDARD BOOK NUMBER
International Standard Book Number 9789380945620
Terms of availability 900.00
035 ## - SYSTEM CONTROL NUMBER
System control number EN-121778
082 ## - DEWEY DECIMAL CLASSIFICATION NUMBER
Classification number 343.5408
245 ## - TITLE STATEMENT
Title Reflections on some recent legal issue/
Statement of responsibility, etc Edited By Siya Ram Shukla
Medium English
260 ## - PUBLICATION, DISTRIBUTION, ETC. (IMPRINT)
Place of publication, distribution, etc Delhi
Name of publisher, distributor, etc Eduacational book service
Date of publication, distribution, etc 2015
270 ## - ADDRESS
Address N-3/25A, D.K. Road, Mohan garden, uttam nagar,new delhi
City Delhi
Postal code 110059
300 ## - PHYSICAL DESCRIPTION
Extent 279p.
Dimensions 23cm(hbk)
700 ## - ADDED ENTRY--PERSONAL NAME
Personal name Shukla, Siya Ram
Relator term Editor
9 (RLIN) 57470
942 ## - ADDED ENTRY ELEMENTS (KOHA)
Source of classification or shelving scheme Dewey Decimal Classification
Classification part 343.5408
Call number suffix REF
Item type English Books
Holdings
Withdrawn status Lost status Not for loan Collection code Home library Current library Date acquired Source of acquisition Cost, normal purchase price Full call number Barcode Copy number Cost, replacement price Koha item type
      Non-fiction Bawana Bawana 26/09/2023 DBAD/PUB 900.00 343.5408 REF EN-121778 1 900.00 English Books

© Delhi Public Library
Hit Counter
free hit counter